000 00661nam a2200193Ii 4500
003 JO-AjNU
008 230605s9999||||xx |||||||||||||| ||und||
040 _aJO-AjNU
_bara
_erda
_cJO-AjNU
041 _aara
050 1 4 _aS544.A2422 1983
100 3 _aالعادلي ، احمدالسيد,
_eauthor
_934737
245 0 0 _aاساسيات علم الارشاد الزراعي
264 3 1 _aالقاهرة:دار المطبوعات الجديدة ، 1983
300 _a308ص
336 _atext
_btxt
_2rdacontent
337 _aunmediated
_bn
_2rdamedia
338 _avolume
_bnc
_2rdacarrier
650 4 _aالارشاد الزراعي - الزراعة
_934738
999 _aA14273
_c17841
_d17841